Porovnanie príjmovej úrovne a nerovnosti zamestnancov v regiónoch SR podľa zamestnaní

Enregistré dans:
Détails bibliographiques
Auteur principal: Sipková, Ľubica, 1962-
Format: Chapitre de livre
Langue:slovaque
Tags: Ajouter un tag
Pas de tags, Soyez le premier à ajouter un tag!

MARC

LEADER 00000naa$a2200000$$$4500
001 0209215
005 20240502073456.7
041 0 |a slo 
044 |a SK 
245 1 0 |a Porovnanie príjmovej úrovne a nerovnosti zamestnancov v regiónoch SR podľa zamestnaní  |c Ľubica Sipková 
500 |a Abstrakt 
100 1 |a Sipková, Ľubica, 1962-